000 00563nam a2200217Ia 4500
003 OSt
005 20220928144652.0
006 a|||||r|||| 00| 0
007 ta
008 220927b |||||||| |||| 00| 0 eng d
024 _a72847
037 _cTextual
040 _aSDCL
_cSDCL
_beng
041 _2eng
_aeng
082 _aV2y7M97, M3
100 _aDass Hari Hara
_9508990
245 0 _aSubhas Chandra Bose and the Indian national movement.
260 _c1983
942 _hV2y7M97, M3
_cTEXL
_2CC
999 _c828823
_d828823